[Event "Tatarstan-ch op"]
[Site "Kazan"]
[Date "2007.08.26"]
[Round "7"]
[White "Tokarev, Ilya"]
[Black "Barinov, Slava"]
[Result "0-1"]
[WhiteElo "2180"]
[BlackElo "2183"]
[PlyCount "30"]
[EventDate "2007.08.20"]
[EventType "swiss"]
[EventRounds "9"]
[EventCountry "RUS"]
[SourceTitle "EXT 2009"]
[Source "ChessBase"]
[SourceDate "2008.11.26"]
[SourceVersion "1"]
[SourceVersionDate "2008.11.26"]
[SourceQuality "1"]

1. c4 Nf6 2. Nc3 g6 3. d4 Bg7 4. e4 0-0 5. Be2 d6 6. Nf3 Nbd7 7. 0-0 e5 8. Bg5 h6 9. Bh4 exd4 10. Nxd4 Nc5 11. f3 Bd7 12. Qd2 Nfxe4 13. fxe4 Qxh4 14. g3 Nxe4 15. Qe3 Nxg3 0-1